| 000 | 01028nam a2200313 i 4500 | ||
|---|---|---|---|
| 999 |
_c200459594 _d77806 |
||
| 001 | 200459594 | ||
| 003 | TR-AnTOB | ||
| 005 | 20240227092005.0 | ||
| 007 | ta | ||
| 008 | 240223t20212021tu b 000 0 tur d | ||
| 020 |
_a9786050509311 _q(paperback) |
||
| 035 | _a(TR-AnTOB)200459594 | ||
| 040 |
_aTR-AnTOB _beng _erda _cTR-AnTOB |
||
| 041 | 0 |
_atur _beng |
|
| 050 | 4 |
_aKKX3950 _b.Ş4676 2021 |
|
| 090 |
_aKKX3950 _b.Ş4676 2021 |
||
| 100 | 1 |
_aŞensoy, Pirali Çağrı _eauthor _9145067 |
|
| 245 | 1 | 0 |
_aCezalandırmanın amacını açıklayan teoriler : _b5237 sayılı TCK’nın temel ilkeleri ile ceza sorumluluğunun esasına ilişkin hükümlerinin yaklaşımı / _cPirali Çağrı Şensoy. |
| 264 | 1 |
_aAnkara : _bYetkin Yayınları, _c2021. |
|
| 264 | 4 | _c©2021 | |
| 300 |
_a218 pages ; _c24 cm |
||
| 336 |
_atext _btxt _2rdacontent |
||
| 337 |
_aunmediated _bn _2rdamedia |
||
| 338 |
_avolume _bnc _2rdacarrier |
||
| 504 | _aBIB | ||
| 650 | 0 |
_aCeza _zTürkiye _958010 |
|
| 942 |
_2lcc _cBK |
||